Fortnite - Armes et items OG C1S1-3 - Statistiques

Statistiques générales
  • Ce quiz a été pris 1 793 fois
    1 315 depuis la dernière actualisation
  • Le résultat moyen est 22 sur 49
Statistiques - réponses
Par images Réponse % Correct
SCAR
96%
Fusil d'assaut
92%
Fusil à pompe chasseur
75%
Fusil à pompe tactique
70%
Pistolet
70%
Fusil de sniper au coup par coup
65%
Fusil de sniper lourd
65%
Grenade
64%
Fusil à pompe lourd
63%
Minigun
63%
Pistolet silencieux
63%
Lance-grenades
62%
Bandage
61%
Bourlingueur
60%
Explosifs à distance
60%
Grenade collante
59%
Kit de soin
59%
Fusil d'assaut à rafales
58%
Lance-roquettes
58%
Potion de bouclier
58%
Grenade répulsive
54%
Mini potion de bouclier
54%
Piège
54%
Grenade fumigène
53%
Gourde du brave
52%
Zapotron
50%
Révolver
47%
Arbalète
44%
Feu de camp
44%
Pistolet mitrailleur
44%
Tremplin
43%
Pistolet mitrailleur silencieux
42%
Réacteur dorsal
41%
Fort de poche
38%
Plafond électrocuteur
32%
Fusil d'assaut à lunette
28%
Fusil de sniper semi-automatique
25%
Slurp
21%
Pistolet mitrailleur tactique
20%
Fusil d'assaut tactique
18%
Boogie Bomb
17%
Cartouches
13%
Plateforme de saut
12%
Roquettes
12%
Balles lourdes
11%
Balles légères
8%
Dynamo murale
8%
Balles moyennes
6%
Plateforme de saut directionnelle
2%
Aucun quiz correspondant
Distribution des résultats
% des personnes avec chaque résultat
Percentile par nombre de réponses
Votre historique - résultats
Vous n’avez pas pris ce quiz depuis la dernière actualisation